| 000 | 00491nam a2200217Ia 4500 | ||
|---|---|---|---|
| 005 | 20251020182543.0 | ||
| 008 | 200515s9999 xx 000 0 und d | ||
| 082 | _a744:725/J13 | ||
| 100 | _aHELMUT, Jacoby | ||
| 245 | 0 | _aDibujos de Arquitectura 1968-1976 | |
| 250 | _a2a ed. | ||
| 260 | _aBarcelona | ||
| 260 | _c1980 | ||
| 300 | _a111 | ||
| 500 | _a1 ejemplar | ||
| 650 | _aARQUITECTURA | ||
| 650 | _aDIBUJO | ||
| 650 | _aDIBUJO ARQUITECTONICO | ||
| 650 | _aLIB | ||
| 942 | _cLIB | ||
| 999 |
_c2465 _d2465 |
||